00176 a2200085 4500020001500000100001600015245001200031260003700043300001000080 a0852974620 aBrian Coyle aLeasing aCanterburybCIB Publishingc2000 a138 P